000 01099nam a2200289Ia 4500
001 Z_6763
008 220601s9999 xx 000 0 und d
020 _a978-9962-8500-1-4
082 _aC 639.4811072 C33
100 _aCáceres Martínez, Jorge
_9184309
245 _aManual de buenas prácticas de manejo para el cultivo de moluscos bivalvos / Jorge Cáceres Martínez y Rebeca Vásquez Yeomans
260 _aEl Salvador : Organismo Internacional regional de Sanidad Agropecuaria; Organización del Sector Pesquero y Acuícola del Istmo Centroamericano
300 _a143 p.
503 _aej.1: donación 2016
504 _aBibliografía: p. 113 - 122
650 _a1. Bivalvia
650 _aCultivo de molusco -- Manuales
650 _aCría de moluscos -- Manuales
650 _aBuenas prácticas de acuicultura -- Manuales
650 _aPesquerías de ostras
700 _aVásquez Yeomans, Rebeca, aut.Ì
_9184311
901 _aC 639.4811072 C33
902 _aM
905 _a5232272014 es adn 8222113312spa16
942 _c1
999 _c217174
_d217174